00905nam a2200217 a 4500001001000000008004100010020001800051020002400069050001500093100002000108245005600128260002700184300003500211350001100246500005100257650003100308650002100339995017600360999001700536952013400553016043926191127s2006 ||||||||||||||||| || u a9781852339920 a1846281695 (e-isbn) aRC 944 Sku aSkucas, Jovitas10aAdvanced imaging of the abdomen cBy Jovitas Skucas aLondonbSpringerc2006 aix, 1079 pages : illustrations a349.99 aIncludes bibliographical references and index. 0aVIRUS DISEASES--CONGRESSES 0aABDOMEN--IMAGING aMEDICAL LIBRARY OPEN ACCESSe904512FCBU-SCHOOL OF MEDICINE LIBRARY (Ndola)I349.99jRC 944 SkuM1UAVAILABLEWDec 13, 2019y904512ZMedical Library Open Access Collection c30711d30711 00102lcc4070a002b002cMedical Library Open Access Collectiond2022-11-30l0oRC 944 Skup904512r2022-11-30w2022-11-30y002